Rangeland grasshopper (Orthoptera: Acrididae) community structure (Registro nro. 12526)

Detalles MARC
000 -CABECERA
Campo de control 005900000a22001810004500
090 ## - CLASIFICACIÓN LOCAL
Colección AR
Consecutivo 03476
041 0# - IDIOMA
Código de idioma para texto/pista de sonido o título separado
100 1# - ASIENTO PRINCIPAL--NOMBRE PERSONAL
Nombre personal Kemp, William P.
245 10 - MENCION DE TITULO
Título Rangeland grasshopper (Orthoptera: Acrididae) community structure
Version a working hypothesis
650 14 - ASIENTO SECUNDARIO DE MATERIA - TERMINO TEMATICO
Término temático o nombre geográfico como elemento de entrada Entomología
650 14 - ASIENTO SECUNDARIO DE MATERIA - TERMINO TEMATICO
Término temático o nombre geográfico como elemento de entrada Ecología de comunidades
650 14 - ASIENTO SECUNDARIO DE MATERIA - TERMINO TEMATICO
Término temático o nombre geográfico como elemento de entrada Densidad
650 14 - ASIENTO SECUNDARIO DE MATERIA - TERMINO TEMATICO
Término temático o nombre geográfico como elemento de entrada Riqueza de especies
650 14 - ASIENTO SECUNDARIO DE MATERIA - TERMINO TEMATICO
Término temático o nombre geográfico como elemento de entrada Estructura de la comunidad
651 #4 - ASIENTO SECUNDARIO DE MATERIA - NOMBRE GEOGRAFICO
-- Montana
-- Estados Unidos
773 1# - Item fuente:
Título Environmental Entomology
Descripción física 3
Paginas del Articulo 461-470
Lugar, editorial y fecha de publicación 1992
Información sobre la relación 21
942 ## - ELEMENTOS ADICIONALES (KOHA)
Tipo de ítem Artículo
Existencias
Withdrawn status Lost status Damaged status No para préstamo Colección Ubicación Permanente Ubicación actual Fecha de adquisición Datos de publicación Seriada Total Checkouts Número topográfico Inventario / Código de Barras Date last seen Price effective from Forma de adquisición Tipo de material
      No para Préstamo Hemeroteca Bogotá Bogotá 27/02/2015 Fuera de circulación   AR 03476 014389 25/03/2015 25/03/2015   Artículo